[Event "IV Niterói Chess Open 2024"]
[Site "Rio de Janeiro"]
[Date "2024.08.30"]
[Round "4"]
[Board "11"]
[White "Dias, Matheus Braga"]
[Black "Aranha Filho, Alvaro Z."]
[Result "0-1"]
[WhiteElo "1953"]
[BlackElo "2196"]
[Annotator "Chessbase"]
[PlyCount "97"]
[EventDate "2024.08.28"]
[EventRounds "7"]
[EventCountry "BRA"]

1. Nf3 c5 2. g3 b6 3. Bg2 Bb7 4. c4 Nf6 5. Nc3 e6 6. O-O Be7 7. d4 cxd4 8. Nxd4 Bxg2 9. Kxg2 Qc8 10. b3 d5 11. Qd3 dxc4 12. Qxc4 Qxc4 13. bxc4 O-O 14. Bf4 $146 ({RR} 14. Ncb5 Rc8 15. Ba3 Bxa3 16. Nxa3 Nbd7 17. Rac1 a6 18. Rc2 Rc7 19. Rfc1 Rac8 20. Nb3 Kf8 21. f3 Ke7 22. Kf2 Ne8 23. e4 Ne5 24. Ke3 Rd8 25. Nd4 Nd7 26. Nb3 Rdc8 27. Nb1 Nd6 28. N3d2 Ne5 {0-1 Dietzen,C (1852)-Beltz,F (1972) GER-chT U20 Girls 2004 (6.1)}) ({RR} 14. Ncb5 a6 15. Na3 Rc8 16. Ndc2 Nbd7 17. Rb1 Kf8 18. Ne3 Ke8 19. Nac2 Ne4 20. Re1 Nd6 21. Na3 Rc6 22. Bb2 Bf8 23. Rec1 Rac8 24. Rc2 Nb7 25. Rbc1 Bc5 26. Kf3 Nd6 27. h3 f6 28. h4 Bxa3 {0-1 Marutkins,O (2128)-Putka,V (2345) EU-ch rapid Wroclaw 2014 (10)}) ({RR} 14. Ncb5 Rc8 15. Ba3 Bxa3 16. Nxa3 Nc6 17. Nxc6 Rxc6 18. Rac1 Rc5 19. Kf3 Rac8 20. e4 Nd7 21. Rfd1 Ne5+ 22. Ke2 g5 23. Rd4 g4 24. Rcd1 Ra5 25. Rd8+ Rxd8 26. Rxd8+ Kg7 27. Nc2 Rxa2 28. Kd2 Nxc4+ {0-1 Williams,L-Jerosch,G Karl Mala Memorial op 01st 1997 (1)}) 14... Rc8 15. Rfc1 Nbd7 16. Nb1 Ne4 17. f3 Bf6 18. Be3 Nd6 19. Nd2 Ne5 20. Rab1 Nexc4 21. Nxc4 Nxc4 22. Bf2 Bxd4 23. Bxd4 Na3 24. Rxc8+ Rxc8 25. Rb3 Nc4 26. Kf2 f6 27. h4 Kf7 28. a4 Na5 29. Rc3 Rxc3 30. Bxc3 Nc6 31. e4 e5 32. Ke3 a6 33. f4 b5 34. axb5 axb5 35. f5 h5 36. Kd3 g6 37. fxg6+ Kxg6 38. Bd2 f5 39. Be3 Kf6 40. Bg5+ Ke6 41. Be3 fxe4+ 42. Kxe4 Nb4 43. Bc1 Nd5 44. Bb2 Nf6+ 45. Ke3 Kf5 46. Ba3 b4 47. Bc1 b3 48. Ke2 e4 49. Bb2 0-1

[Event "IV Niterói Chess Open 2024"]
[Site "Rio de Janeiro"]
[Date "2024.08.30"]
[Round "4"]
[Board "8"]
[White "Ribeiro, Matheus Mendes Domingues"]
[Black "Nascimento, Nicolas Daniel Trindade"]
[Result "1-0"]
[WhiteElo "2244"]
[BlackElo "1928"]
[Annotator "Chessbase"]
[PlyCount "67"]
[EventDate "2024.08.28"]
[EventRounds "7"]
[EventCountry "BRA"]

1. c4 c5 2. Nf3 Nc6 3. d4 cxd4 4. Nxd4 Nf6 5. Nc3 d6 6. g3 Bd7 7. Bg2 Nxd4 ({RR} 7... Qc8 8. Nd5 Nxd5 9. cxd5 Nxd4 10. Qxd4 Bh3 11. Bxh3 Qxh3 12. Be3 f6 13. Rc1 h5 14. Kd2 Kf7 15. Rc7 Qg2 16. Rhc1 h4 17. g4 Kg8 18. f3 Rh7 19. Qe4 g5 20. Bg1 b6 21. Qf5 Rf7 22. Kd3 {1-0 Nielsen,P (2649)-Von Herman,U (2391) Bundesliga 1314 2013 (8.5)}) ({RR} 7... e6 8. O-O a6 9. b3 Rc8 10. Bb2 Be7 11. Nxc6 Bxc6 12. e4 h5 13. h3 Qa5 14. Re1 b5 15. Nd5 exd5 16. exd5 Bd7 17. Qe2 Qd8 18. Qe3 Kf8 19. Qd4 bxc4 20. bxc4 Rh6 21. Re3 Kg8 22. Rae1 {1-0 Rendle,T (2380)-Shapiro,V (2113) Titled Tue 16th Apr Early 2024 (8)}) 8. Qxd4 Bc6 9. O-O g6 10. c5 $146 ({RR} 10. Rd1 Bg7 11. c5 O-O 12. Bxc6 bxc6 13. cxd6 Nd5 14. dxe7 Qxe7 15. Nxd5 cxd5 16. Qe3 Qb4 17. Rb1 Rfe8 18. Qd3 Rac8 19. Be3 d4 20. Bd2 Qa4 21. a3 Qc2 22. Rdc1 Qxd3 23. exd3 f5 24. Kf1 Kf7 {1-0 Lamard,G (2279)-Le Pen,S (1892) FRA-ch U16 Saint Paul Trois Chateaux 2013 (2)}) 10... Bxg2 11. Kxg2 dxc5 12. Qxc5 Qc8 13. Qe5 Qc6+ 14. e4 Bg7 15. Nd5 Nxd5 16. Qxg7 Qf6 17. Qh6 Nc7 18. Bd2 Nb5 19. Rac1 Rd8 20. Rfd1 Nd4 21. Bf4 Qe6 22. f3 f6 23. Rc7 Kf7 24. Rxb7 Qa6 25. Rxd4 Qxb7 26. Rxd8 Rxd8 27. Qxh7+ Ke6 28. b3 Qb5 29. Qh3+ f5 30. Qh7 Qe8 31. exf5+ gxf5 32. Qh6+ Kd5 33. Qa6 Qd7 34. Qc4# 1-0

[Event "IV Niterói Chess Open 2024"]
[Site "Rio de Janeiro"]
[Date "2024.08.31"]
[Round "6"]
[White "Mattos, Bernardo Cunha"]
[Black "Chaves, Jorge Antonio Torre"]
[Result "1-0"]
[WhiteElo "1719"]
[BlackElo "1924"]
[Annotator "Chessbase"]
[PlyCount "126"]
[EventDate "2024.08.28"]
[EventRounds "7"]
[EventCountry "BRA"]

1. c4 {Stohl,Igor} c5 2. Nc3 Nc6 3. Nf3 Nf6 4. d4 cxd4 5. Nxd4 a6 ({RR} 5... b6 6. e4 ({RR} 6. Bg5 Bb7 7. Bxf6 gxf6 8. Nf5 Qb8) 6... Bb7 7. Bg5 ({RR} 7. Bf4 d6 8. Nf3 g6 9. Qd2 Bg7 10. Be2 Rc8 11. Bh6 O-O 12. Bxg7 Kxg7 13. b3 Nb4 ({RR} 13... Nb8) 14. Nd4 Na6 15. f3 Nc5 16. O-O a6 17. Rfd1 Ng8 18. Bf1 Ba8 19. Rac1 Qc7 20. b4 Nd7 21. a3) ({RR} 7. Be2 e6 8. Nc2 Qb8 9. O-O Be7 10. f4 d6 11. b3 O-O 12. Bb2) ({RR} 7. f3 Qb8 8. Be3 e6 9. Qd2 Be7 10. g4 O-O 11. O-O-O Rc8 12. g5 Ne8 13. Nxc6 Bxc6 14. Kb1 a6 15. h4 b5 16. h5 bxc4 17. g6 fxg6 18. hxg6 hxg6 19. Rg1 Bf6 20. Rxg6 Kf7 21. Rg2) 7... e6 ({RR} 7... Qb8 8. Nxc6 ({RR} 8. f4 h6 9. Bxf6 gxf6 10. g3 Nxd4 ({RR} 10... e6) 11. Qxd4 e5 12. Qd3 Bb4 13. O-O-O Bxc3 14. Qxd7+ Kf8 15. bxc3 Bxe4 16. Rg1 Qe8 17. Bg2 Bxg2 18. Rxg2 Qxd7 19. Rxd7 Kg7) ({RR} 8. Nf3 e6 9. Qd2 Be7 10. Be2 O-O 11. O-O Rd8 12. Bf4 d6 13. Qc2 Rd7 14. Rac1 Qd8 15. Rfd1 Rc8 16. Qb1 h6 17. h3 Nh7 18. b3 Nf8 19. Be3 Ng6 20. Nb5 Bf6 21. Bf1 Nge5 22. Nfd4 a6) 8... Bxc6 9. Qe2 h6 ({RR} 9... Qe5 10. f4 Qa5 11. O-O-O) 10. Bd2 e5 11. Nd5 Bxd5 12. cxd5 Bc5 13. O-O-O a5 14. Kb1 a4 15. Rc1 d6 16. Qb5+ Ke7 17. f3 Ne8 18. g3 Nc7 19. Qc6 Rc8 20. Bh3 Rd8 21. Rc4) 8. Nxc6 ({RR} 8. f4 h6 9. Bh4 Bb4 10. Nxc6 Bxc6 11. Bd3 Qc7 12. Qf3 Qb7 13. Bxf6 gxf6 14. f5 Bxc3+ 15. bxc3 e5 16. O-O Qc7 17. c5 bxc5 18. Bc4 Ke7 19. Rad1 Rad8 20. Qh5 Rh7 21. Qe2 d6 22. Rf3 Qb7) ({RR} 8. Ndb5 Qb8 9. Bxf6 gxf6 10. Qd2 a6 11. O-O-O Bc8 12. Nd6+ Bxd6 13. Qxd6 Qxd6 14. Rxd6 Ke7 15. Rd2 Rg8 16. g3 Rb8 17. f4 d6 18. Be2 Bb7 19. Rhd1 Rgd8 20. b3 Ba8 21. Kb2 Na7 22. a4 Nc6) 8... Bxc6 ({RR} 8... dxc6 9. Qf3 ({RR} 9. e5) 9... Bd6 10. Rd1 Qe7 11. Be2 Rd8 12. O-O h6 13. Bf4 e5 14. Be3 O-O 15. a3 Bc5 16. Bxc5 Qxc5 17. b4 Qe7 18. Qe3 Ba6) 9. Bd3 ({RR} 9. e5 h6 10. Bh4 g5 11. Bg3 Ne4 12. Nxe4 Bxe4 13. Qd2 f5) ({RR} 9. Qe2 h6 10. Bd2 d6) 9... h6 ({RR} 9... Qb8 10. Qe2 ({RR} 10. O-O Bb4 11. Re1 Qe5 12. Bd2 h5 13. Qf3 Ng4 14. Bf4 Qd4 15. Bf1 Bc5 16. Re2 f5 17. h3 O-O-O 18. Rd1 Qf6 19. Nb5 ({RR} 19. hxg4 hxg4 20. Qg3 Rh4) ({RR} 19. Bd6) 19... fxe4 20. Qg3 e5 21. Nxa7+ Kb7 22. Nxc6 dxc6 23. Rxd8 exf4 24. Qxg4 hxg4) 10... Bd6 11. Nd5 Bxd5 ({RR} 11... Nxd5 12. exd5 ({RR} 12. cxd5 Bb4+ 13. Kf1 Bb7 14. dxe6 dxe6 15. Bb5+) 12... Bb7 13. O-O-O Bf4+ 14. Bxf4 Qxf4+ 15. Kb1 O-O 16. g3 Qf6 17. Be4 exd5 18. Bxd5 Rae8 19. Qc2 Bxd5 20. Rxd5 Qf3 21. Rhd1 Re2 22. Rf5 Qg4 23. f3 Qh3 24. Qxe2 Qxf5+) 12. exd5 Qc7 13. g3 Bb4+ 14. Kf1 h6 15. Bxf6 gxf6 16. Qf3 Ke7 17. Kg2 Bd6 18. Rhe1 h5 19. Re4 h4 20. Rae1 Rag8 21. Rg4 Rxg4 22. Qxg4 Kf8 23. Re3 a5 24. b3) 10. Bh4 Bc5 ({RR} 10... Qb8 11. Bg3 ({RR} 11. Qe2 Bd6 12. Nd5) 11... Bd6 12. Qd2) ({RR} 10... d6) 11. e5 g5 12. Bg3 Ng8 ({RR} 12... Nh7 13. O-O) 13. Qh5 ({RR} 13. Ne4 Bb4+ 14. Kf1) 13... Qc7 ({RR} 13... Bxg2 14. Rg1 Bc6 15. O-O-O) 14. h4 gxh4 ({RR} 14... Bxg2 15. Rg1 Qc6 16. hxg5 Bf3 17. Qh4 O-O-O 18. a3 d5 19. exd6 Bxd6 20. Nb5) ({RR} 14... Bd4 15. hxg5 Bxe5 16. g6 Bxg3 17. gxf7+ Ke7 18. fxg8=N+ Raxg8 19. fxg3 Qxg3+ 20. Kd2) 15. Rxh4 Ne7 ({RR} 15... Bxg2 16. a3 ({RR} 16. Rf4 O-O-O 17. Rxf7)) 16. Rf4 Rf8 17. Kf1 ({RR} 17. O-O-O Bxg2 18. Ne4 Bxe4 19. Bxe4 Rb8) 17... O-O-O 18. Ne4 ({RR} 18. Rxf7 Qb7 19. f3) ({RR} 18. Nb5 Qb7) 18... Nf5 ({RR} 18... Ng6 19. Rf6 Bxe4 20. Bxe4 Bd4 21. Qe2 Bxe5 22. Rxg6 fxg6 23. Bxe5 Qxe5 24. Bb7+) ({RR} 18... Bxe4 19. Rxe4 ({RR} 19. Bxe4 Bd4) 19... d6) 19. Rxf5 exf5 20. Qxf5 {1-0 Macieja,B (2633)-Jakubowski,K (2492) POL-ch Warsaw 2004 (2)} {RR} Bxe4 ({RR} 20... Bd4 21. Rd1 Bxb2 22. c5) 21. Bxe4 ({RR} 21. Qxe4 Qc6 22. Qe2 f5) 21... Bd4 22. Bd5) ({RR} 5... e6) 6. Nxc6 ({RR} 6. g3 e5 7. Nxc6 bxc6 8. Bg2 Bb4 9. Bd2 O-O 10. a3 Ba5 11. O-O Rb8 12. b4 Bc7 13. Be3 Bb7 14. c5 h6 15. Qd3 Qe7 16. Qc4 Rfe8 17. Rfd1 a5 18. b5 cxb5 19. Nxb5 Bxg2 20. Nxc7 Rec8 {1-0 ONOKPITE,K (2102)-EKUNKE,O (1891) South West Chess Lagos 2023 (4.7)}) 6... bxc6 7. g3 e6 8. Bf4 $146 ({RR} 8. Bg2 Be7 9. O-O d5 10. Qa4 Bd7 11. Rd1 O-O 12. cxd5 cxd5 13. Qd4 Qc7 14. Bf4 Qb7 15. e4 dxe4 16. Nxe4 Bc6 17. Nxf6+ Bxf6 18. Bxc6 Qxc6 19. Be5 Rfd8 20. Qe3 Bxe5 21. Qxe5 Rd5 22. Rxd5 exd5 {1-0 Canazza,A (1772)-Palumbo,G (1610) Veneto-ch 64th 2004 (3.22)}) ({RR} 8. Bg2 Bc5 9. e3 O-O 10. O-O Rb8 11. Qc2 Ba7 12. b3 d5 13. Ba3 Re8 14. c5 Nd7 15. Na4 Qf6 16. Bb2 Qe7 17. Qc3 f6 18. b4 Ne5 19. Rad1 Rb5 20. Rfe1 Qb7 21. a3 Qb8 22. Bc1 Qc7 {0-1 Hommann,H (1843)-Smits,O (1925) Bad Woerishofen Seniors op 30th 2014 (5)}) 8... d5 9. Bg2 Bd7 10. O-O Be7 11. e4 dxc4 12. Qe2 Qa5 13. Qxc4 e5 14. Be3 O-O 15. Qe2 Rab8 16. Qc2 Rb7 17. a3 Qc7 18. Na4 Rfb8 19. b4 a5 20. Nc5 Bxc5 21. Bxc5 Re8 22. Rfd1 axb4 23. axb4 Qc8 24. Qe2 h5 25. Rd3 Be6 26. Rda3 h4 27. Ra7 h3 28. Bf3 Rxa7 29. Rxa7 Bg4 30. Bxg4 Nxg4 31. f3 Nh6 32. g4 f6 33. Qc4+ Kh8 34. Kf2 Rd8 35. Qe2 Qe6 36. Ra3 Nf7 37. Qa2 Ng5 38. Qxe6 Nxe6 39. Kg3 Rd2 40. Be3 Rb2 41. Kxh3 Rxb4 42. Rc3 Nd8 43. Bc5 Rb2 44. Kg3 Ne6 45. Be3 Nd8 46. f4 exf4+ 47. Bxf4 Rb7 48. g5 Rd7 49. g6 Kg8 50. Kg4 Kf8 51. Kf5 Ke7 52. Be3 Rd1 53. Bc5+ Kd7 54. Ra3 Rf1+ 55. Kg4 Ke6 56. Ra7 Ke5 57. Rxg7 Ne6 58. Re7 Rc1 59. g7 f5+ 60. Kg3 Rxc5 61. Rxe6+ Kxe6 62. g8=Q+ Ke5 63. exf5 Kd4 1-0

[Event "IV Niterói Chess Open 2024"]
[Site "Rio de Janeiro"]
[Date "2024.08.30"]
[Round "4"]
[Board "49"]
[White "Tischler Lema Garcia, Maria Eduarda"]
[Black "De Haro, Martim Afonso Palma"]
[Result "0-1"]
[WhiteElo "1511"]
[BlackElo "1804"]
[Annotator "Chessbase"]
[PlyCount "58"]
[EventDate "2024.08.28"]
[EventRounds "7"]
[EventCountry "BRA"]

1. d4 Nf6 2. c4 e6 3. Nc3 c5 4. Nf3 cxd4 5. Nxd4 Nc6 6. Ndb5 d6 7. Bg5 ({RR} 7. Bf4 e5 8. Bg5 Be6 9. e3 a6 10. Na3 Qa5 11. Bxf6 gxf6 12. Qd2 Rd8 13. Rd1 d5 14. cxd5 Bxa3 15. bxa3 Bxd5 16. Nxd5 Rxd5 17. Qxa5 Rxa5 18. Rd3 O-O 19. Rb3 b5 20. Bd3 Ra4 21. Ke2 e4 {½-½ Obolenskikh,D (2510)-Terentjev,V (2301) Moscow op-A 2012 (1)}) ({RR} 7. g3 a6 8. Nd4 Qb6 9. Nc2 Ne5 10. Ne3 Bd7 11. Bg2 Bc6 12. b3 Bxg2 13. Nxg2 Qc6 14. O-O b5 15. Bf4 Nfd7 16. Bxe5 Nxe5 17. Qd4 bxc4 18. Ne3 Be7 19. Nxc4 O-O 20. Nxe5 dxe5 21. Qe3 h6 {0-1 Guliev,S (2245)-Ilinca,F (2415) Caissa Hotel Ananas Gp 2024 (9.3)}) 7... a6 8. Nd4 Be7 9. e3 O-O $146 ({RR} 9... Qa5 10. Nxc6 Qxg5 11. Nxe7 Kxe7 12. Qf3 Rd8 13. b3 Qa5 14. Rc1 d5 15. cxd5 Rxd5 16. Be2 Rf5 17. Qh3 Rc5 18. e4 Nxe4 19. Qh4+ Nf6 20. Qd4 Nd5 21. Bc4 Nxc3 22. Rxc3 Re5+ 23. Kd1 f6 24. Rg3 {0-1 Lepeskaite,M (1819)-Juciute,E (1815) LTU-ch sf (Women) 2009 (2)}) ({RR} 9... Bd7 10. Nf3 Qc7 11. Be2 O-O 12. O-O Rfe8 13. Rc1 Rad8 14. a3 Ne5 15. Nxe5 dxe5 16. Qc2 Bc6 17. Bxf6 Bxf6 18. Bd3 g6 19. Be4 Rd7 20. Bxc6 Qxc6 21. Ne4 Bg7 22. Rfd1 Red8 23. Rxd7 Rxd7 24. c5 {1-0 Kock,W (2018)-Ribbeck,O (1942) Ruhrgebiet VK2 1213 2012 (2.3)}) 10. Be2 Bd7 11. O-O Rc8 12. Qd2 Qc7 13. Rfd1 Rfd8 14. Rac1 Qb8 15. b3 Be8 16. e4 h6 17. Bh4 Nxe4 18. Nxe4 Bxh4 19. Nxc6 Rxc6 20. Bf3 d5 21. cxd5 exd5 22. Nc3 Bg5 23. Qe1 Bxc1 24. Rxc1 Rb6 25. Rd1 d4 26. Ne4 Re6 27. Qd2 Bc6 28. Nc5 Red6 29. Bh5 Rd5 0-1

[Event "IV Niterói Chess Open 2024"]
[Site "Rio de Janeiro"]
[Date "2024.08.30"]
[Round "4"]
[Board "30"]
[White "Fernandes, Marcio Rosa"]
[Black "Nascimento, Daniel Rojas"]
[Result "1/2-1/2"]
[WhiteElo "1798"]
[BlackElo "1948"]
[Annotator "Chessbase"]
[PlyCount "137"]
[EventDate "2024.08.28"]
[EventRounds "7"]
[EventCountry "BRA"]

1. c4 Nf6 2. Nc3 g6 3. g3 Bg7 4. Bg2 O-O 5. Nf3 c5 6. O-O d5 7. cxd5 Nxd5 8. e4 ({RR} 8. Nxd5) 8... Nb4 9. a3 Nd3 10. Ne1 Nxc1 $146 ({RR} 10... Nc6 11. Nxd3 Qxd3 12. Re1 Be6 13. Nd5 Bxd5 14. exd5 Nd4 15. Rxe7 Nb3 16. Re3 Nxc1 17. Rxd3 Nxd3 18. Qb3 Nxb2 19. Rb1 c4 20. Qc2 Nd3 21. Rxb7 Rab8 22. d6 Rxb7 23. Bxb7 Rb8 24. Qxc4 Rxb7 25. Qc8+ {1-0 Yedidia,D (2041)-Schut,H (2101) Titled Tue 28th Mar Early 2023 (6)}) ({RR} 10... Nc6 11. Nxd3 Qxd3 12. Qf3 Qd8 13. Nd5 e6 14. Nc3 Nd4 15. Qd1 b6 16. Ne2 Ba6 17. d3 Nxe2+ 18. Qxe2 Bxd3 19. Qe3 Bxf1 20. Kxf1 Qd1+ 21. Qe1 Qxe1+ 22. Kxe1 Rad8 23. Rb1 Rd7 24. f4 Rfd8 25. Bf3 {0-1 Austin,M-Soondarsingh,D (1979) De Verteuil Memorial 21st 2013 (1)}) 11. Rxc1 Nc6 12. Nf3 Bg4 13. h3 Bxf3 14. Bxf3 Nd4 15. Bg2 Rc8 16. Re1 e6 17. f4 Qb6 18. Kh2 Rfd8 19. Na4 Qa5 20. e5 b6 21. Nc3 c4 22. Ne4 Bf8 23. Qg4 Nf5 24. Qg5 h6 25. Qg4 Rd3 26. Rc3 b5 27. h4 h5 28. Qe2 Rcd8 29. Rxd3 Rxd3 30. Rc1 Qd8 31. Rc3 Nxg3 32. Nf6+ Kg7 33. Rxd3 cxd3 34. Qf2 Nf5 35. Qxa7 Be7 36. Ne4 Bxh4 37. Bh3 Qd4 38. Qxd4 Nxd4 39. Kg2 Nb3 40. Kf3 Bd8 41. Ke3 Nc1 42. b4 Bb6+ 43. Nc5 Kf8 44. Bg2 Ke7 45. Bc6 Nb3 46. Kxd3 Bxc5 47. bxc5 Nxc5+ 48. Ke2 f6 49. Bxb5 fxe5 50. fxe5 g5 51. a4 Nb3 52. Kf2 Nxd2 53. a5 Kd8 54. a6 Kc7 55. Bd7 Ne4+ 56. Kg2 Nc5 57. Bb5 Kb6 58. Be2 g4 59. Kg3 Nxa6 60. Kh4 Nc5 61. Kxh5 g3 62. Bf1 Ne4 63. Bg2 Nc3 64. Kg5 Kc7 65. Kg4 Ne2 66. Kf3 Nc1 67. Kxg3 Nd3 68. Bh3 Nxe5 69. Bxe6 1/2-1/2

[Event "IV Niterói Chess Open 2024"]
[Site "Rio de Janeiro"]
[Date "2024.08.29"]
[Round "2"]
[Board "58"]
[White "Motta, Vinicius Araujo Dias B."]
[Black "Chagas, Waldefran Clementino"]
[Result "0-1"]
[WhiteElo "1736"]
[BlackElo "1800"]
[Annotator "Chessbase"]
[PlyCount "64"]
[EventDate "2024.08.28"]
[EventRounds "7"]
[EventCountry "BRA"]

1. e4 c6 2. d4 d5 3. exd5 cxd5 4. c4 Nf6 5. Nc3 Nc6 6. Nf3 g6 7. Be3 ({RR} 7. cxd5) 7... Bg7 8. Rc1 ({RR} 8. h3 O-O 9. Be2 e6 10. O-O b6 11. b3 Bb7 12. Rc1 Rc8 13. Ne5 Nxe5 14. dxe5 Ne4 15. Nxe4 dxe4 16. Qxd8 Rfxd8 17. Bf4 Rd7 18. Rfd1 Rcc7 19. c5 bxc5 20. Rxd7 Rxd7 21. Rxc5 Bf8 22. Ra5 Bd5 {½-½ Zvolensky,D (2204)-Tolmacevs,A (1974) 21st Prague Open 2023 (4.17)}) 8... O-O 9. cxd5 $146 ({RR} 9. h3 Be6 {½-½ Milov,V (2659)-Rodriguez Lopez,R (2318) Fernando Marcote Memorial op rapid 2009 (7)}) ({RR} 9. Be2 dxc4 10. Bxc4 Bg4 11. Be2 Nd5 12. O-O Nxe3 13. fxe3 Bh6 14. Qd2 e5 15. Rcd1 exd4 16. Nxd4 Bxe2 17. Qxe2 Nxd4 18. exd4 Re8 19. Qf3 Qd7 20. Ne4 Bg7 21. Kh1 Rad8 22. Nc5 Qe7 23. Nb3 Rd6 {½-½ Wen,G-Lip,C (2057) World ol U16 2002 (3)}) 9... Nxd5 10. Bc4 Nb6 11. Bb3 Bg4 12. O-O Qd7 13. h3 Bxf3 14. Qxf3 Nxd4 15. Bxd4 Bxd4 16. Rfd1 e5 17. Ne4 Qe7 18. Rc2 Kg7 19. Rdc1 Rac8 20. Ng3 Rxc2 21. Rxc2 Rc8 22. Rxc8 Nxc8 23. Qg4 Nd6 24. Bc2 Bxb2 25. h4 h6 26. Qb4 Bd4 27. Ne4 Nf5 28. Qb3 Nxh4 29. Ng3 Qg5 30. Be4 Qf4 31. Kh2 Bxf2 32. Bxb7 Nf5 0-1

[Event "IV Niterói Chess Open 2024"]
[Site "Rio de Janeiro"]
[Date "2024.08.28"]
[Round "1"]
[Board "18"]
[White "Araujo, Barbara Ribeiro"]
[Black "Lage, Pedro Ferreira"]
[Result "0-1"]
[WhiteElo "1781"]
[BlackElo "2132"]
[Annotator "Chessbase"]
[PlyCount "58"]
[EventDate "2024.08.28"]
[EventRounds "7"]
[EventCountry "BRA"]

1. c4 c5 2. g3 Nc6 3. Bg2 g6 4. Nc3 Bg7 5. e4 e6 6. Nge2 Nge7 7. O-O O-O 8. d3 Nd4 9. Be3 d6 10. Qd2 Nec6 11. Rad1 ({RR} 11. f4 f5 12. h3 Bd7 13. Kh2 a6 14. Rad1 Rb8 15. Bg1 Kh8 16. Nxd4 Nxd4 17. Ne2 b5 18. b3 a5 19. Nxd4 cxd4 20. Rc1 Qb6 21. Kh1 bxc4 22. bxc4 Qc5 23. Rb1 a4 24. g4 a3 25. Bh2 Rb6 {½-½ Quesada Perez,Y (2636)-Cordova,E (2538) Carlos Torre Memorial op 23rd 2011 (9)}) ({RR} 11. f4 f5 12. Rab1 Bd7 13. a3 a5 14. b3 Rb8 15. Nb5 Nxb5 16. cxb5 Nd4 17. a4 b6 18. Bxd4 cxd4 19. b4 fxe4 20. Bxe4 d5 21. Bg2 Ra8 22. Rfc1 Qe7 23. h3 Rfc8 24. Rxc8+ Bxc8 25. Kh2 Bb7 {0-1 Piccoli,L (2058)-Perdomo,L (2469) Pocos de Caldas op 2019 (6)}) 11... Qa5 12. Bxd4 $146 ({RR} 12. a3 Bd7 13. Bxd4 Nxd4 14. Nxd4 cxd4 15. Ne2 Qxd2 16. Rxd2 Rab8 17. Rc1 Bh6 18. f4 e5 19. h3 Rfc8 20. a4 Bxa4 21. Ra1 Bc6 22. Rxa7 Ra8 23. Rxa8 Rxa8 24. g4 f6 25. h4 Bxf4 26. Nxf4 exf4 {0-1 O'Hara,M-Botterill,G (2340) British CF-71 Championship 1984 (1)}) 12... cxd4 13. Nb5 Qxd2 14. Rxd2 Rd8 15. Na3 Bd7 16. Nc2 a5 17. a3 Ra6 18. b3 Rb8 19. Rb1 b5 20. cxb5 Rxb5 21. Ne1 Rab6 22. Rdb2 e5 23. a4 Rc5 24. Nc2 Nb4 25. Nxb4 Rxb4 26. Bf1 Bh6 27. Kg2 Be6 28. f3 Be3 29. f4 Rc8 0-1

[Event "IV Niterói Chess Open 2024"]
[Site "Rio de Janeiro"]
[Date "2024.08.29"]
[Round "3"]
[Board "29"]
[White "Araujo, Barbara Ribeiro"]
[Black "De Oliveira, Yuri Garcia"]
[Result "0-1"]
[WhiteElo "1781"]
[BlackElo "1964"]
[Annotator "Chessbase"]
[PlyCount "74"]
[EventDate "2024.08.28"]
[EventRounds "7"]
[EventCountry "BRA"]

1. c4 c5 2. g3 g6 3. Bg2 Bg7 4. Nc3 Nc6 5. e4 d6 6. d3 Nf6 7. Nge2 O-O 8. O-O Bg4 9. h3 Bxe2 10. Nxe2 Ne8 11. Rb1 Nc7 12. Be3 ({RR} 12. a3 a5 13. f4 Ne6 14. g4 Ned4 15. Ng3 e6 16. g5 f6 17. gxf6 Qxf6 18. b3 Qh4 19. Qg4 Qxg3 20. Qxg3 Ne2+ 21. Kh2 Nxg3 22. Kxg3 Rad8 23. h4 Nd4 24. Rf2 Bh6 25. Kg4 e5 26. f5 Bxc1 {1-0 Titichoca Daza,D (2116)-Fernandez Siles,L (2209) Titled Tue 19th Mar Early 2024 (3)}) 12... Ne6 13. Qd2 Rb8 14. a3 $146 ({RR} 14. Kh2 b5 15. f4 Ned4 16. b3 a5 17. Bxd4 Nxd4 18. Nxd4 Bxd4 19. Qc2 Qd7 20. Bf3 Rb6 21. f5 bxc4 22. fxg6 hxg6 23. bxc4 Rfb8 24. Rxb6 Rxb6 25. Rb1 Rxb1 26. Qxb1 Qa4 27. Bd1 Qb4 28. Qc2 Qe1 {0-1 Puroila,S (1965)-Porrasmaa,T (2112) Kuopio We KSY 2010 (2)}) ({RR} 14. Kh2 Ned4 15. Nc3 b5 16. b3 b4 17. Ne2 a5 18. f4 Nxe2 19. Qxe2 Nd4 20. Bxd4 Bxd4 21. e5 e6 22. Qe4 Rb6 23. Bf3 Qd7 24. Bd1 Rd8 25. Bc2 Qe7 26. Rbe1 Qf8 27. Re2 Qg7 28. exd6 Qf8 {½-½ Hagesaether,P (2205)-Heim,S (2400) NOR-chT Norway 1997 (5)}) 14... a5 15. Nc3 Ned4 16. b3 b5 17. a4 bxc4 18. bxc4 Rb4 19. Qa2 Nf3+ 20. Bxf3 Bxc3 21. Bg2 Qd7 22. Kh1 Rfb8 23. Rfc1 Qb7 24. Rxb4 Qxb4 25. f4 Bd4 26. Qf2 Qb2 27. Rc2 Qb1+ 28. Rc1 Qxc1+ 29. Bxc1 Bxf2 30. e5 Rb1 31. Bxc6 Rxc1+ 32. Kg2 Bd4 33. exd6 exd6 34. Kf3 f5 35. g4 Kg7 36. Kg3 Rd1 37. Kh4 Bf2+ 0-1

[Event "IV Niterói Chess Open 2024"]
[Site "Rio de Janeiro"]
[Date "2024.08.30"]
[Round "4"]
[Board "57"]
[White "Moreira, Everaldo Bonifacio"]
[Black "Dos Santos, Vinicius Goncalves Azevedo"]
[Result "1-0"]
[WhiteElo "1709"]
[BlackElo "1800"]
[Annotator "Chessbase"]
[PlyCount "99"]
[EventDate "2024.08.28"]
[EventRounds "7"]
[EventCountry "BRA"]

1. c4 g6 2. Nc3 Nf6 3. g3 Bg7 4. Bg2 O-O 5. e4 d6 6. Nge2 c5 7. O-O Nc6 8. d3 Bg4 9. h3 Be6 ({RR} 9... Bxe2 10. Nxe2 Nd7 11. Rb1 Rb8 12. Nc3 Nd4 13. Be3 a6 14. Qd2 b5 15. cxb5 Nxb5 16. Nxb5 Rxb5 17. Rfc1 Qb6 18. b4 Rxb4 19. Rxb4 Qxb4 20. Qxb4 cxb4 21. Rc7 Nc5 22. Rxe7 Nxd3 23. Bf1 Nc5 24. e5 {1-0 Vukovic,Z (2432)-Simonovic,A (2419) SCG-chT1 Vrnjacka Banja 2005 (1)}) 10. Be3 h6 $146 ({RR} 10... Ne8 11. f4 f5 12. Qd2 Qd7 13. Kh2 Rb8 14. b3 a6 15. Rae1 b5 16. exf5 Bxf5 17. g4 Be6 18. Ng3 Nd4 19. Nce4 h6 20. f5 gxf5 21. gxf5 Nxf5 22. Nxf5 Bxf5 23. Bxh6 e6 24. Ng3 Bxh6 25. Qxh6 {1-0 Holicky,M (1750)-Nedorost,L (1687) SVK-chT3A2 1213 2012 (4.3)}) ({RR} 10... Qd7 11. Kh2 h5 12. Nf4 Ne5 13. Qe2 Rad8 14. Nxe6 Qxe6 15. f4 Neg4+ 16. hxg4 Nxg4+ 17. Kh1 Nxe3 18. Qxe3 Bd4 19. Qf3 a6 20. f5 Qe5 21. Qf4 Qg7 22. Nd5 Bxb2 23. Nxe7+ Kh8 24. Rab1 Be5 25. Qf3 {1-0 Smietanska,W (1957)-Lohani,S (1756) Titled Tue 30th Jan Early 2024 (5)}) ({RR} 10... Ne8 11. a3 Nc7 12. Rb1 Nd4 13. Nd5 Nxd5 14. exd5 Bd7 15. b4 Qc8 16. Kh2 e6 17. Nxd4 cxd4 18. dxe6 Bxe6 19. Bf4 Rd8 20. a4 d5 21. Qe2 dxc4 22. dxc4 Bxc4 23. Bxb7 Bxe2 24. Bxc8 Bxf1 25. Rxf1 {0-1 Koutla,M-Platsaki,E GRE-ch U08 Girls 2018 (7)}) ({RR} 10... Rb8 11. f4 a6 12. g4 b5 13. f5 Bd7 14. g5 Nh5 15. Nd5 bxc4 16. dxc4 Rxb2 17. Nef4 Nxf4 18. Rxf4 Be5 19. Rh4 e6 20. Nf4 Nd4 21. f6 Bc6 22. Qg4 Nf5 23. Rxh7 Bxf4 24. exf5 Bxe3+ 25. Kf1 {0-1 Denishev,M (2179)-Theodorou,N (2561) Titled Tuesday intern op 29th Mar Late blitz 2022 (3)}) 11. Qd2 Kh7 12. f4 Bd7 13. f5 Ne5 14. Rf2 a6 15. a4 b5 16. b3 Rb8 17. Ra2 bxc4 18. bxc4 Qa5 19. fxg6+ fxg6 20. Rf1 Rb3 21. Qc2 Rfb8 22. Bd2 Qb6 23. a5 Qb7 24. Bc1 Qb4 25. Rd1 Ne8 26. Nd5 Qb7 27. Nb6 Rxb6 28. axb6 Qxb6 29. Bd2 Nc6 30. Bc3 Nb4 31. Bxb4 cxb4+ 32. c5 dxc5 33. Qb1 a5 34. Kh2 Be5 35. Nf4 Nc7 36. Rf1 a4 37. Raf2 Bd4 38. Nd5 Nxd5 39. Rf7+ Kg8 40. exd5 Bf6 41. R1xf6 exf6 42. Rxd7 f5 43. Qe1 Qf6 44. d6 b3 45. Bd5+ Kh8 46. Qe7 Qxe7 47. dxe7 Re8 48. Rd8 b2 49. Rxe8+ Kg7 50. Ba2 1-0